All sidings on Stepford Connect - Statistics

General Stats
  • This quiz has been taken 31 times
    26 since last reset
  • The average score is 5 of 6
Answer Stats
Facing Closest Station Other Operators? The Other Answer % Correct
Financial Quarter Beechley No Beechley Sidings
94%
City Hospital Beechley No Beechley Sidings
94%
Upper Staploe Hampton Hargate No Hampton Hargate Siding
83%
Coxly Coxly No Coxly Siding
78%
Benton Coxly Yes Express Coxly Siding
78%
Houghton Rake Whitefield No Whitefield Sidings
72%
No matching quizzes found
Score Distribution
Percent of People with Each Score
Percentile by Number Answered
Your Score History
You have not taken this quiz since the last reset